Paesi che Iniziano con la I - Quiz con mappa - Statistics

Statistiche generali
  • Questo quiz è stato fatto 122 volte
  • Il punteggio medio è 9 su 10
Risposte nella Mappa
Le risposte nella mappa del quiz sottostante sono codificate secondo una scala di colori dal rosso al verde in base alla % di persone che hanno risposto correttamente.
 
Statistiche sulle risposte
Paese % Corretto
Italia
100%
India
99%
Irlanda
99%
Islanda
98%
Iran
97%
Indonesia
96%
Iraq
95%
Israele
80%
Isole Marshall
75%
Isole Salomone
75%
Nessun quiz corrispondente trovato
Distribuzione punteggi
Percentuale di utenti per punteggio
Percentile per numero di risposta
I tuoi punteggi nel tempo
Non hai fatto questo quiz